| 000 | 00696nam a2200205Ia 4500 | ||
|---|---|---|---|
| 008 | 140429s9999 xx 000 0 und d | ||
| 020 | _a9780313386404 | ||
| 050 |
_aP 95.82.U6 _b.P38 2011 |
||
| 100 | _aPaul, Christopher | ||
| 245 |
_aStrategic communication : _borigins, concepts, and current debates / _cChristopher Paul. |
||
| 260 |
_aCalifornia : _bPraeger, _cc2011. |
||
| 300 |
_a240 p. : _c25 cm. |
||
| 440 | _a(Contemporary military, strategic, and security issues). | ||
| 500 | _aIncludes bibliographical references and index. | ||
| 521 | _aMC | ||
| 650 |
_aCommunication policy _xUnited States. |
||
| 650 | _aCommunication, International. | ||
| 942 |
_kFOR _cBK |
||
| 999 |
_c115604 _d115604 |
||